000 00517nam a2200193Ia 4500
008 151119s9999||||xx |||||||||||||| ||und||
082 _a891.463
082 _bGKKV8532
100 _aबांदोडकर व पु
245 _aसूर्यफुल
260 _a--
260 _b--
260 _c0
600 _aबांदोडकर व पु
630 _aसूर्यफुल
700 _aबांदोडकर व पु
730 _aसूर्यफुल
942 _cBOOK
999 _c1062969
_d1062966